00464nam a2200145 a 450000100060000000300090000600800410001504000280005608200150008410000250009924500760012426000580020030000150025865000450027311482CO-ViMGA141112s2004 ck r 000 u spa d aCO-ViMGAbspacCO-ViMGA04a920.5 R63c1 aCacua Prada, Antonio10aDon Manuel del Socorro Rodriguez : bfundador del periodismo Colombiano aBogotá, cPublicaciones Universidad Central, c1985 a273 p. il.14aRODRIGUEZ MANUEL DEL SOCORRO 1758 - 7819